Real People Mentioned in R.E.M. Songs - Statistics

General Stats
  • This quiz has been taken 4 times
  • The average score is 12 of 19
Answer Stats
Hint Explanation Answer % Correct
Hey Andy, are you goofing on ______? "Hey Baby" Man on the Moon / Singer Elvis Presley Elvis
100%
____ _______ in the wrestling match Man on the Moon / Comedian Andy Kaufman Andy Kaufman
75%
Mister _______ ______ had the gall to ask Man on the Moon / Naturalist Charles Darwin Charles Darwin
75%
I don't want to be ____ ___, but if that's what it takes, hey I Took Your Name / Musician Iggy Pop Iggy Pop
75%
Birds and snakes, an aeroplane, _____ _____ is not afraid It's the End of the World as We Know It (And I Feel Fine) / Comedian Lenny Bruce Lenny Bruce
75%
Mountains sit in a line, _______ _________ It's the End of the World as We Know It (And I Feel Fine) / Conductor Leonard Bernstein Leonard Bernstein
75%
______ ________, Lenny Bruce and Lester Bangs It's the End of the World as We Know It (And I Feel Fine) / Soviet politician Leonid Brezhnev Leonid Brezhnev
75%
It's a ___ ___ kind of sky Feeling Gravitys Pull / Artist Man Ray Man Ray
75%
Dreaming of _____ ______, whoever she is E-Bow the Letter / Opera singer Maria Callas Maria Callas
75%
I always thought of you as quick, Exhuming ________ Exhuming McCarthy / U.S. Senator Joseph McCarthy McCarthy
75%
_____ ________ proud, congratulate me Begin the Begin / English military officer and colonist Myles Standish Myles Standish
75%
A candy bar, a falling star, or a reading from __ _____ The Sidewinder Sleeps Tonite / Children's author Dr Seuss (Theodor Seuss Geisel) Dr Seuss
50%
Mister ____ _______ in a breakfast mess Man on the Moon / Wrestler Freddie Blassie Fred Blassie
50%
Let's begin again like ______ ______, Zen Begin the Begin / Protestant Reformer Martin Luther Martin Luther
50%
Another chance has been engaged, to throw _______ and rearrange Finest Worksong / Naturalist Henry David Thoreau Thoreau
50%
Can't see where to worship Popeye, love __ _____ Just a Touch / Singer Al Green Al Green
25%
They crowded up to _____ with their noses worn off Harborcoat / Russian revolutionary Vladimir Lenin Lenin
25%
_____ this seems strange to me Monty Got a Raw Deal / Actor Montgomery Clift Monty
25%
That's when _______ ___ takes a tug upon the string Wendell Gee / Georgia (USA) businessman Wendell Gee Wendell Gee
25%
No matching quizzes found
Score Distribution
Percent of People with Each Score
Percentile by Number Answered
Your Score History
You have not taken this quiz